000
00287nam a2200109Ia 4500
008
200302s9999 xx 000 0 und d
100
_a
Ian Richards
245
_a
Great Buildings of the World Abbeys of Europe
260
_b
Hamlyn Publishing Group Ltd.
260
_c
1968
300
_a
189 P.,
999
_c
2269
_d
2269